Statistics for Samuel Taylor Coleridge Bibliography

Click here to take the quiz!

General Stats

  • This quiz has been taken 6 times
  • The average score is 5 of 13

Answer Stats

TypeYearName% Correct
Poem1798The Rime of the Ancient Mariner
100%
Poem1816Kubla Khan; or, A Vision in a Dream: A Fragment
67%
Poem1798The Nightingale: A Conversation Poem
67%
Poem1802Dejection: An Ode
50%
Autobiography1817Biographia Literaria
33%
Poem1816Christabel
33%
Poem1796The Eolian Harp
33%
Poem1798Fears in Solitude
17%
Poem1798Frost at Midnight
17%
Poem1796Reflections on Having Left a Place of Retirement
17%
Poem1816The Pains of Sleep
17%
Poem1797This Lime-Tree Bower My Prison
17%
Poem1807To William Wordsworth
17%

Score Distribution

Percentile by Number Answered

Percent of People with Each Score

Your Score History

You have not taken this quiz